| 000 | 00868cam a2200217 4500 | ||
|---|---|---|---|
| 001 | WB3739-21 | ||
| 008 | 011016n2001 000 0 eng u | ||
| 035 | _a(Sirsi) u115134 | ||
| 245 | _aProperty solicitors campaign to overhaul county courts | ||
| 260 | _c2001 | ||
| 490 |
_aLaw Society's Gazette _v98(39) 11 October 2001, 8(1) |
||
| 520 | _aRepresentatives of the Property Litigation Association (PLA) are acting on the results of a survey which showed the poor quality of service provided by county courts. They have won the support of two senior judges and have plans for a pilot to tackle the worst county court, Central London County Court. | ||
| 590 | _aWB | ||
| 650 | _aSOLICITORS | ||
| 650 | _aPROPERTY LITIGATION | ||
| 650 |
_aDISPUTE RESOLUTION _96236 |
||
| 650 | _aCOUNTY COURTS | ||
| 650 | _aQUALITY OF SERVICE | ||
| 690 | _aLAW | ||
| 942 | _n0 | ||
| 999 |
_c68571 _d68571 |
||